Περιβαλλοντική εκπαίδευση και σχολείο : μια διαχρονική θεώρηση
Αποθηκεύτηκε σε:
| Κύριος συγγραφέας: | |
|---|---|
| Μορφή: | Βιβλίο |
| Γλώσσα: | Greek |
| Δημοσίευση: |
Αθήνα :
Τυπωθήτω - Γ. Δαρδανός,
1998.
|
| Σειρά: | Περιβάλλον και κοινωνικές επιστήμες (Τυπωθήτω)
; 3 |
| Θέματα: | |
| Ετικέτες: |
Προσθήκη ετικέτας
Δεν υπάρχουν, Καταχωρήστε ετικέτα πρώτοι!
|
MARC
| LEADER | 00000cam a2200000 i 4500 | ||
|---|---|---|---|
| 001 | 1/29201 | ||
| 008 | 021112s1998 gr | ||| |||| ||gre|| | ||
| 020 | |a 9607643658 | ||
| 035 | |l 10068755 | ||
| 040 | |a GR-MY-UA |b gre |e aacr | ||
| 041 | 0 | |a gre | |
| 082 | 7 | |a 304.207 |2 (23) | |
| 100 | 1 | |a Παπαδημητρίου, Βάσω. | |
| 245 | 1 | 0 | |a Περιβαλλοντική εκπαίδευση και σχολείο : |b μια διαχρονική θεώρηση / |c Βάσω Παπαδημητρίου. |
| 260 | |a Αθήνα : |b Τυπωθήτω - Γ. Δαρδανός, |c 1998. | ||
| 300 | |a 193 σ. ; |c 24 εκ. | ||
| 490 | 1 | |a (Περιβάλλον και κοινωνικές επιστήμες / Τυπωθήτω ; |v 3) | |
| 650 | 0 | 0 | |a Human ecology |x Study and teaching. |
| 650 | 0 | 0 | |a Human ecology |x Study and teaching (Elementary) |
| 830 | 0 | |a Περιβάλλον και κοινωνικές επιστήμες (Τυπωθήτω) |v ; 3 | |
| 852 | |a INST |b RHODES |e 20021112 |h 304.207 ΠΑΠ |p 005400016085 |q 005400016085 |t BK |y 0 | ||
| 901 | |a BIBL4-2002-3 | ||
| 909 | |a Ρ |b 101450 | ||
| 922 | |a 4ΕΛΗ |b 200210 |c ΒΙΒΛΙΟΘΗΚΗ |d ΔΕΝΤΡΟ | ||
| 950 | |a 094-2002-10-05 | ||
| 970 | |a ΚΟΥΛΑΚΙΟΤΗ |b ΛΙΤΣΑ |z 2002/11/22 | ||